Carregant...

Jamsetjee Jejeebhoy of Bombay : partnership and public culture in empire /

Dades bibliogràfiques
Autor principal: Jesse S Palsetia
Format: Printed Book
Publicat: Newdelhi: Oxford University Press, 2015.
Matèries:
LEADER 01115cam a2200229 i 4500
020 |a 9780199459216 (hardback) 
020 |a 0199459215 (hardback) 
082 0 4 |a 361.740 92  |b JES/J 
100 1 |a Jesse S Palsetia  |9 133996 
245 1 0 |a Jamsetjee Jejeebhoy of Bombay :  |b partnership and public culture in empire /  |c by Jesse S. Palsetia. 
260 |a Newdelhi:  |b Oxford University Press,  |c 2015. 
300 |a 209 pages :  |b illustrations (black and white) ; 
600 0 0 |a Jamsetjee Jejeebhoy  |9 133997 
650 0 |a Industrialists  |z India  |z Mumbai  |v Biography.  |9 133998 
650 0 |a Philanthropists  |z India  |z Mumbai  |v Biography.  |9 133999 
650 0 |a Parsees  |z India  |z Mumbai  |v Biography.  |9 134000 
650 0 |a Social Service Jamsetjee Jejeebhoy  |9 134001 
650 0 |a Social Science  |9 134002 
942 |c BK 
999 |c 69949  |d 69949 
952 |0 0  |1 0  |4 0  |6 361_740000000000000_92_JES_J  |7 0  |9 90436  |a SSUS  |b SSUS  |c STACKS  |d 2018-01-31  |g 795.00  |o 361.740 92 JES/J  |p 087241  |r 2018-01-31  |w 2018-01-31  |y BK 
952 |0 0  |1 0  |4 0  |6 361_740000000000000_92_JES_J  |7 0  |9 90437  |a SSUS  |b SSUS  |c STACKS  |d 2019-03-21  |g 795.00  |o 361.740 92 JES/J  |p 093899  |r 2019-03-21  |w 2019-03-21  |y BK